| 000 | 00812nam a2200241 u 4500 | ||
|---|---|---|---|
| 005 | 20251203064006.0 | ||
| 008 | 120823s2006 r 000 0 eng d | ||
| 020 | _a9802573248 | ||
| 035 | _aUPN01000186307 | ||
| 049 | _aI | ||
| 050 | 4 |
_aPZ11 _bM4.6 |
|
| 100 | 1 |
_aMhlophe, Gcina, _d1958- _933559 |
|
| 245 | 1 | 0 |
_aNozi : _bmadrina de libros / _cGcina Mhlophe ; il. de Lyn Gilbert ; tr. Carolina Paoli. |
| 260 |
_aCaracas, Ven. : _bEkaré, _cc2006. |
||
| 300 |
_a[26] p. : _bprincipalmente il. col. |
||
| 440 | 0 |
_aMis primeras lecturas. _pRecomendado para 8 años en adelante |
|
| 534 |
_pTitulo original: _tNozincwadi-mother of books |
||
| 650 | 4 |
_aCUENTOS INFANTILES AFRICANOS _911560 |
|
| 650 | 4 |
_aIntereses en la lectura _94851 |
|
| 700 | 1 |
_aGilbert, Lyn, _eil. |
|
| 905 | _aInfantil | ||
| 999 |
_c158410 _d158410 |
||